| 000 | 00750nam a2200193Ia 4500 | ||
|---|---|---|---|
| 003 | GCL | ||
| 008 | 140319s9999 xx 000 0 ara d | ||
| 040 |
_aGCL / _cGCL |
||
| 082 | 0 | 4 |
_aق _b932.096 _bح م |
| 100 | 1 | _aحسن صبحى بكرى | |
| 245 | 1 | 0 |
_aموجز تاريخ مصر اليونانية الرومانية / _cحسن صبحى بكرى |
| 300 |
_a180 ص ؛ _c24 سم |
||
| 490 |
_aالهيئة العامة للاستعلامات _v0 |
||
| 650 | 0 | 4 | _aمصر القديمة |
| 650 | 0 | 4 | _aالتاريخ |
| 650 | 0 | 4 | _aمصر القديمة - تاريخ - العصر الرومانى |
| 650 | 0 | 4 | _aمصر - تاريخ - البطالمة، انظر، مصر القديمة - تاريخ - العصر اليونانى |
| 942 |
_2ddc _cBK |
||
| 999 |
_c51731 _d51731 |
||